000 00261nam a22001217a 4500
008 190205b xxu||||| |||| 00| 0 eng d
041 _aeng
080 _a510
100 _a36
101 _aMAT
245 _aDiscrete Mathematics
_cDossey,J.A
942 _2udc
_cBK
999 _c54010
_d54010